| 000 | 00872nam a22002177a 4500 | ||
|---|---|---|---|
| 003 | UA-OsUOA | ||
| 001 | 39262 | ||
| 007 | ta | ||
| 008 | 20080331b un ||||| |||| 00| 0 ukr d | ||
| 100 | _aУмінський В. Королевський Ф. | ||
| 090 | _a09-082 | ||
| 942 | _cBK | ||
| 040 |
_aUA-OsUOA _bukr _cUA-OsUOA _dUA-OsUOA |
||
| 245 |
_aЯк повстала наша земля і який буде її кінець.- Вінніпег, 1920 _bАндреєв Н. Початки релігії. - Львів, 1910; Тобілевич С. Рідні гості. Спогади з побуту укр. січових стрільців на степовій Україні. - Львів-Київ, 1922. |
||
| 955 | _a1 | ||
| 041 | _aukr | ||
| 080 | _a09-082 | ||
| 246 | 3 | 1 |
_a(Зшиті різні книги) _nКнига 1, 2, 3 |
| 650 | 7 | _2UDC | |
| 999 |
_c437782 _d437782 |
||